Visualizzazione normale
Vista MARC
- Marchetto, Michele,
di Personal Name
Records bibliografici associati: 1
001 - CONTROL NUMBER
- control field: 57249
003 - CONTROL NUMBER IDENTIFIER
- control field:
005 - DATE AND TIME OF LATEST TRANSACTION
- control field: 20180515113018.0
008 - FIXED-LENGTH DATA ELEMENTS
- fixed length control field: 180515|| aca||aabn | a|a d
040 ## - CATALOGING SOURCE
- Original cataloging agency:
- Transcribing agency:
100 ## - HEADING--PERSONAL NAME
- Personal name: Marchetto, Michele,
- Relator term: ed.
670 ## - SOURCE DATA FOUND
- Source citation: Work cat.: ()0: Newman, John Henry, b., 1801-1890. 57247, Scritti filosofici :, ©2005.